|
|
|
|
| LEADER |
00000cam a22000004a 4500 |
| 001 |
musev2_6872 |
| 003 |
MdBmJHUP |
| 005 |
20230905040810.0 |
| 006 |
m o d |
| 007 |
cr||||||||nn|n |
| 008 |
950502s1996 alu o 00 0 eng d |
| 010 |
|
|
|z 95019084
|
| 020 |
|
|
|a 9780817382728
|
| 020 |
|
|
|z 9780817307936
|
| 035 |
|
|
|a (OCoLC)425966340
|
| 040 |
|
|
|a MdBmJHUP
|c MdBmJHUP
|
| 043 |
|
|
|a n-us---
|
| 050 |
0 |
4 |
|a Q127.U6
|b T37 1996
|
| 082 |
0 |
|
|a 306.4/6/097309034
|2 20
|
| 245 |
0 |
0 |
|a Technical Knowledge in American Culture :
|b Science, Technology, and Medicine Since the Early 1800s /
|c edited by Hamilton Cravens, Alan I Marcus, and David M. Katzman.
|
| 264 |
|
1 |
|a Tuscaloosa :
|b University of Alabama Press,
|c 1996.
|
| 264 |
|
3 |
|a Baltimore, Md. :
|b Project MUSE,
|c 2012
|
| 264 |
|
4 |
|c ©1996.
|
| 300 |
|
|
|a 1 online resource (280 pages).
|
| 336 |
|
|
|a text
|b txt
|2 rdacontent
|
| 337 |
|
|
|a computer
|b c
|2 rdamedia
|
| 338 |
|
|
|a online resource
|b cr
|2 rdacarrier
|
| 504 |
|
|
|a Includes bibliographical references (p. 209-252) and index.
|
| 588 |
|
|
|a Description based on print version record.
|
| 650 |
|
0 |
|a Technology
|z United States
|x History
|y 20th century.
|
| 650 |
|
0 |
|a Technology
|z United States
|x History
|y 19th century.
|
| 650 |
|
0 |
|a Technology
|z United States
|x History.
|
| 650 |
|
0 |
|a Medicine
|z United States
|x History
|y 20th century.
|
| 650 |
|
0 |
|a Medicine
|z United States
|x History
|y 19th century.
|
| 650 |
|
0 |
|a Medicine
|z United States
|x History.
|
| 650 |
|
0 |
|a Science
|z United States
|x History
|y 20th century.
|
| 650 |
|
0 |
|a Science
|z United States
|x History
|y 19th century.
|
| 650 |
|
0 |
|a Science
|z United States
|x History.
|
| 655 |
|
7 |
|a Electronic books.
|2 local
|
| 700 |
1 |
|
|a Katzman, David M.
|
| 700 |
1 |
|
|a Marcus, Alan I,
|d 1949-
|
| 700 |
1 |
|
|a Cravens, Hamilton.
|
| 710 |
2 |
|
|a Project Muse.
|e distributor
|
| 830 |
|
0 |
|a Book collections on Project MUSE.
|
| 856 |
4 |
0 |
|z Texto completo
|u https://projectmuse.uam.elogim.com/book/6872/
|
| 945 |
|
|
|a Project MUSE - Custom Collection
|
| 945 |
|
|
|a Project MUSE - Archive Complete Foundation
|
| 945 |
|
|
|a Project MUSE - Archive History Foundation
|